<?xml version="1.0" encoding="UTF-8"?>
<marc:record xmlns:marc="http://www.loc.gov/MARC21/slim">
   <marc:leader>00000nam a2200000 a 4500</marc:leader>
   <marc:datafield ind1=" " ind2=" " tag="653">
      <marc:subfield code="a">Erstlesebuch</marc:subfield>
   </marc:datafield>
   <marc:datafield ind1="0" ind2="0" tag="245">
      <marc:subfield code="a">Das große Lesetiger-Geschichtenbuch</marc:subfield>
   </marc:datafield>
   <marc:datafield ind1=" " ind2="1" tag="264">
      <marc:subfield code="a">Bindlach</marc:subfield>
      <marc:subfield code="b">Loewe</marc:subfield>
      <marc:subfield code="c">2002</marc:subfield>
   </marc:datafield>
   <marc:datafield ind1="1" ind2=" " tag="520">
      <marc:subfield code="a">Eine Geschichtensammlung für Erstleser. (ab 6) (JE) Das große Lesetiger-Geschichtenbuch bietet eigentlich nichts Neues, sondern stellt eine Sammlung von Geschichten dar, die bereits in Erstlesebüchern dieser Reihe veröffentlicht wurden. Auf 152 Seiten findet man alte Bekannte wie Siggi Seemannsgarn, die Hexe Zippel-Zappel oder Diddi Frechdachs wieder. Untergliedert in die Themenbereiche Schlauheit, Freundschaft und Mut bieten sie in bewährter Erstleser-Ausstattung jede Menge Unterhaltung. Da es auch unter den ganz jungen Lesern solche gibt, die mit den dünnen Büchern dieser Reihe nicht mehr ihr Auslangen finden, bietet diese Sammlung eine willkommene Ergänzung des Erstleserbestandes. - Allen Bibliotheken zu empfehlen.</marc:subfield>
   </marc:datafield>
   <marc:datafield ind1=" " ind2=" " tag="020">
      <marc:subfield code="a">3785543352</marc:subfield>
      <marc:subfield code="9">3785543352</marc:subfield>
   </marc:datafield>
   <marc:datafield ind1=" " ind2=" " tag="300">
      <marc:subfield code="a">152 S. : zahlr. Ill. (farb.)</marc:subfield>
   </marc:datafield>
</marc:record>
